| 000 | 00943nam a22002535a 4500 | ||
|---|---|---|---|
| 003 | OSt | ||
| 005 | 20170218113501.0 | ||
| 008 | 170218s2014 ua frb 000 0 ara d | ||
| 015 | _a2004 / 18595 | ||
| 020 | _a9770445975 | ||
| 040 |
_aEG-ScBUE _bara _cEG-ScBUE |
||
| 043 | _af-ua--- | ||
| 082 | 0 | 4 |
_a343.62082 _bع ز ب _222 |
| 100 | 1 | _aعزب، حماد مصطفى. | |
| 245 | 1 | 2 |
_aالمنافسة غير المشروعة في مجال الإعلانات التجارية / _cحماد مصطفى عزب. |
| 260 |
_aالقاهرة : _bدار النهضة العربية، _c2014. |
||
| 300 |
_a207 ص. ؛ _c24 سم. |
||
| 504 | _aيشتمل على إرجاعات ببليوجرافية. | ||
| 650 | 7 |
_aالإعلانات التجارية _xقوانين وتشريعات _zمصر. _2BUEsh |
|
| 650 | 7 |
_aالمنافسة _xقوانين وتشريعات _zمصر. _2BUEsh |
|
| 651 | _2BUEsh | ||
| 653 |
_bLLAAWW _cFebruary2017 |
||
| 942 | _2ddc | ||
| 999 |
_c24185 _d24157 |
||